00377cam a22001217a 4500008004000000082001600040100002000056245009700076260003300173300001200206650001400218700002300232180718b1954 xxu||||| |||| 00| 0 eng d aT19x42 St23 aStamp, L.Dudley aThe british isles : a geographic and economy surveycby L.Dudley Stamp and Stanley H. Beaver aLondonbLongmans Greenc1954 ax,780p. aEconomics aBeaver, Stanley H.